LEADER 01876nas a2200277 i 4500 001 000000213964 003 CaOOAMICUS 005 20120619000000.0 008 120619b1986 it uu u0 0mul r 013 $a192819 040 $aSeMil$bita 245 10$aAtti della Riunione Scientifica in onore di Ezio Vanoni :$bGli squilibri territoriali e le politiche regionali = Territorial Disequilibria and Regional Policies /$cOrganizzato da Confederation of European Economic Associations, Societą Italiana degli Economisti ; sotto il patrocinio della Banca Popolare di Sondrio. 260 $aGenova :$bIstituto di Economia Internazionale,$c1986. 300 $aXI, 454 p. :$bgrafici, tabelle ;$c26 cm. 500 $aIn mezzo al front. : Bormio, 5-6-7 giugno 1986. 700 1 $aVanoni, Ezio,$d<1903-1956>.$0(OLS)http://semarc/name/6337 700 1 $aConfederation of European Economic Associations (CEEA) : European Symposium «Territorial Disequilibria and Regional Policies» <5. ; 1986 ; Bormio (SO)>.$0(OLS)http://semarc/name/76184 700 1 $aBanca Popolare di Sondrio .$0(OLS)http://semarc/name/76187 700 1 $aSocietą Italiana degli Economisti (SIE) .$0(OLS)http://semarc/name/76186 700 1 $aConfederation of European Economic Associations (CEEA).$0(OLS)http://semarc/name/76185 773 0 $tEconomia Internazionale.$dGenova : Istituto di Economia Internazionale, 1948.$w()26920 774 0 $t[vedi periodico].$w()277335 850 $aSeMil 852 $aSeMil$W1$xVenegono$y1$m250 3 39$j164392$B164392$CSeMilBibl$Z2$F175426 $82 996 $6245$aAtti della Riunione Scientifica in onore di Ezio Vanoni :$bGli squilibri territoriali e le politiche regionali = Territorial Disequilibria and Regional Policies$9(OLS)http://semarc/title/308393 996 $6260$aGenova :$bIstituto di Economia Internazionale$9(OLS)http://semarc/publisher/37019 LEADER 01328nam a2200313 i 4500 001 000000124809 003 CaOOAMICUS 005 20050916000000.0 008 050916s1992 it u000 u ita u 013 $a97506 020 $a88-06-12899-X 040 $aSeMil$bita 100 1 $aAsor Rosa, Alberto,$d<1933-2022>.$0(OLS)http://semarc/name/1006 245 10$aFuori dall'Occidente, ovvero, Ragionamento sull'«Apocalissi» /$cAlberto Asor Rosa. 260 $aTorino :$bEinaudi,$cCopyr. 1992. 300 $aX, 125 p. ;$c20 cm. 490 0 $aEinaudi contemporanea ;$v6 500 $aFondo Card. C.M. Martini. 650 4$aApocalittica.$0(OLS)http://semarc/subject/8590 650 4$aGuerra del Golfo Persico <1991>.$0(OLS)http://semarc/subject/24161 650 4$aFilosofia della storia.$0(OLS)http://semarc/subject/1960 830 0$aEinaudi contemporanea ;$v6.$0(OLS)http://semarc/title/9406 850 $aSeMil 852 $aSeMil$W1$xVenegono$y1$m3U II 459$j79328$B79328$CSeMilBibl$Z2$F103218 $81 941 1 $a4 961 $aOmaggio: Martini Card. Carlo Maria 996 $6020$a88-06-12899-X$9(OLS)http://semarc/number/106938 996 $6245$aFuori dall'Occidente, ovvero, Ragionamento sull'«Apocalissi»$9(OLS)http://semarc/title/183712 996 $6260$aTorino :$bEinaudi$9(OLS)http://semarc/publisher/29884